000 00273nam a2200097Ia 4500
001 639950
005 20250826153437.0
008 250824s9999 xx 000 0 und d
245 0 _aSUÇ VE CEZA ANTİK DÜNYA KLASİKLERİ
_cDOSTOYEVSKİ
260 _bANTİK DÜNYA KLASİKLERİ
999 _c639950
_d639950